000 00776nam a2200241 i 4500
001 17431
003 ES-MaACL
005 20240524172133.0
007 t|
008 010305s2000 sp ||||1| spa d
020 _a84-8109-280-0
080 _a929 Goethe, Johann Wolfgang von
100 1 _aUnseld, Siefgried.
_9112023
245 1 0 _aGoethe y sus editores /
_cSiegfried Unseld ; traducción de Rosa Pilar Blanco.
250 _a1ª ed.
260 _aBarcelona :
_bGalaxia Gutenberg,
_c2000.
300 _a575 p., [16] p. de lám. ;
_c22 cm.
504 _aBibliografía : p. 552-560.
600 1 4 _aGoethe, Johann Wolfgang von,
_d1749-1832-
_xEditores
_957572
700 1 _aBlanco, Rosa Pilar
_929205
852 _aES-MaACL
_jL-24376
_bR.129524
999 _c17431
_d17431